000 00229 a2200097 4500
001 39738
100 _aIEEE
245 _aThe New IEEE dictionary of Electronics
260 _aLondon
_bHodder & Stoughton
_c
090 _c24748
_d24748
942 _aNUST-CAE
_cM
_c16389
999 _c274811
_d274811